| 000 | 00643nam a2200193 i 4500 | ||
|---|---|---|---|
| 001 | 187721 | ||
| 003 | ES-MaACL | ||
| 005 | 20250822095027.0 | ||
| 008 | 180205s1949 sp |||| | cat d | ||
| 245 | 0 | 0 |
_aL'humor a la Barcelona del noucents / _cil.lustracions inèdites de Xavier Nogués ; selecció de Miquel Llor ; preàmbul de Francesc Pujols. |
| 260 |
_aBarcelona : _bAymà, _c1949. |
||
| 300 |
_a245 p. : _bil. ; _c25 cm. |
||
| 650 | 0 | 7 |
_aHumor _2embne _913508 |
| 700 | 0 |
_aNogués, Xavier. _985890 |
|
| 700 | 0 |
_aLlor, Miquel. _972849 |
|
| 700 | 0 |
_aPujols, Francesc. _994360 |
|
| 852 |
_aES-MaACL _jD-7178 |
||
| 999 |
_c187721 _d187721 |
||